| 000 | 00781nam a2200229 a 4500 | ||
|---|---|---|---|
| 001 | 26342 | ||
| 003 | BD-RjUL | ||
| 005 | 20211209051013.0 | ||
| 008 | 170219s1965 bg b 001 0 eng d | ||
| 035 | _a(BD-RjUL)26412 | ||
| 040 |
_aDLC _cMoU _dDLC _dBD-RjUL _beng |
||
| 041 | _aeng | ||
| 082 | 0 | 0 |
_a266.554 _bALB 1965 _223 |
| 100 | 1 |
_aAli, Muhammad Mohar. _980995 |
|
| 245 | 1 | 4 |
_aThe Bengali reaction to Christian missionary activities, 1833-1857 / _cMuhammad Mohar Ali. |
| 260 |
_aChittagong : _bMehrub Publications, _c1965. |
||
| 300 |
_axii, 243 p. ; _c23 cm. |
||
| 500 | _a"Thesis approved for the degree of doctor of philosophy of the University of London, May, 1963." | ||
| 504 | _aBibliography: p. [211]-232. | ||
| 650 | 0 |
_aMissions _zIndia-Bengal _980996 |
|
| 942 |
_2ddc _cBK |
||
| 999 |
_c26342 _d26342 |
||